000 006870000a22001930004500
090 _aAR
_b04496
100 1 _aCadena, Carlos Daniel
_914962
700 1 _aKlicka, John
_998387
700 1 _aRicklefs, Robert E.
_993914
245 1 0 _aEvolutionary differentiation in the Neotropical montane region
_smolecular phylogenetics and phylogeography of Buarremon brush-finches (Aves, Emberizidae)
041 0 _aInglés
690 _aFilogenética
_94310
690 _aBiogeografía
_992747
690 _aAves neotropicales
_993821
690 _aEspeciación
_917207
651 4 _lRegión andina
_992749
942 _cARTICULO
773 1 _tMolecular Phylogenetics and evolution
_q993-1016
_d2007
_g44
999 _c13595
_d13595